000 00694nam a2200241Ia 4500
003 OSt
005 20220927105759.0
006 a|||||r|||| 00| 0
007 ta
008 220926b |||||||| |||| 00| 0 eng d
024 _a196638
037 _cReference Collections
040 _aRTL
_cRTL
_beng
041 _2eng
_aeng
082 _a"X:8J.213r, Q2/GD"
110 _a"KARNATAKA, ACCOUNTANT GENERAL"
_9375043
245 0 _aState finances- At a glance.
260 _a"Mysore,"
_bGovt. Press
490 _v01493954: 2011 (19p)
700 _a"KARNATAKA, ACCOUNTANT GENERAL"
_9375044
942 _h"X:8J.213r, Q2/GD"
_cCC
999 _c694671
_d694671